000 01311namaa22003251i 4500
005 20260105130102.0
008 251213s1995 ua a|||fr|m|| 000 0 eng d
040 _aEG-GICUC
_beng
_cEG-GICUC
_dEG-GICUC
_erda
041 0 _aeng
_beng
_bara
049 _aDeposit
097 _aPh.D
099 _aCai01.12.20.Ph.D.1995.Na.B.
100 0 _aNazih George Zaki Girgis,
_epreparation.
245 1 0 _aBeam-Plasma Interaction and instabilities /
_cBy Nazih George Zaki Girgis; Supervised Prof. Dr. M. El-Nadi, Prof. Dr. T. El-Khalafawy, Prof. Dr. Sh. M. Khalil
246 1 5 _aتفاعلات الاشعة مع البلازما وعدم الاستقرار
264 0 _c1995
300 _a133 Leaves :
_billustrations ;
_c30 cm. +
336 _2rda content
_atext
337 _2rdamedia
_aUnmediated
338 _2rdacarrier
_avolume
502 _aThesis (Ph.D) -Cairo University, 1995
504 _aBibliography: pages 126 : 133
653 0 _aBeam-Plasma Interaction and instabilities
700 0 _aM. El-Nadi
_ethesis advisor.
700 0 _aT. El-Khalafawy
_ethesis advisor.
700 0 _aSh. M. Khalil
_ethesis advisor.
900 _DDepartment of Physics
_FFaculty of Science
_UCairo University
_b1995
_cM. El-Nadi
_cT. El-Khalafawy
_cSh. M. Khalil
905 _aNagat
_eNourhan
942 _2ddc
_cTH
_e21
_n0
999 _c176670